000 00507nam a2200181Ia 4500
005 20250508152127.0
008 008 250505s9999 xx 000 0 eng d
037 _aTextual
040 _aFEDL
_beng
_cFEDL
041 _aeng
_2eng
084 _a614, STI
_qFEDL
100 _aStiles William W
_9760811
245 0 _aIndividual and community health
260 _aNew York, USA
_bMcGraw-Hill Book Company
_c1953
300 _aix,492p.
942 _cTEXL
_h614, STI
999 _c1334432
_d1334432